Missing Word: Shirley Temple Quiz Stats

 Plays Quiz not verified by Sporcle

Support Sporcle.
Go Orange.
Score 0/24 Timer 03:00
0 Plays Today
Movie Title Missing Word % Correct
_____ Willie WinkieWee
94.7%
Little _____ BroadwayMiss
92.1%
Just Around the _____Corner
92.1%
Rebecca of Sunnybrook _____Farm
91.2%
Since You Went _____Away
90.4%
Poor Little _____ GirlRich
89.5%
Baby Take a _____Bow
87.7%
Bright _____Eyes
87.7%
Curly _____Top
86%
Kiss and _____Tell
84.2%
The _____ ColonelLittle
81.6%
The _____ BirdBlue
71.9%
Movie Title Missing Word % Correct
Little Miss _____Marker
71.1%
_____ ApacheFort
71.1%
_____ JanuaryCaptain
67.5%
The Little _____Princess
66.7%
_____ Baba Goes to TownAli
65.8%
Susannah of the _____Mounties
64.9%
The Littlest _____Rebel
63.2%
The _____ of SeabiscuitStory
56.1%
War _____Babies
54.4%
The _____ and the Bobby-SoxerBachelor
54.4%
Miss _____ RooneyAnnie
53.5%
A _____ for CorlissKiss
50.9%

You're not logged in!

Compare scores with friends on all Sporcle quizzes.
OR
Log In

From the Vault

Film Fan Theories II

by scole9179

Get your tinfoil hats ready.
Remove Ads.
Support Sporcle.
Get the best of Sporcle when you Go Orange. This ad-free experience offers more features, more stats, and more fun while also helping to support Sporcle. Thank you for becoming a member.

Show Comments

Extras

Top Quizzes Today


Score Distribution

Your Account Isn't Verified!

In order to create a playlist on Sporcle, you need to verify the email address you used during registration. Go to your Sporcle Settings to finish the process.

Report this User

Report this user for behavior that violates our Community Guidelines.

Details: